000 00321nam a22001337a 4500
008 171014b xxu||||| |||| 00| 0 eng d
020 _a9781412901253
041 _aeng
080 _a331
100 _a52
101 _aPUN
245 _aINTERNATIONAL AND COMPARATIVE EMPLOYMENT RELATIONS
_cBAMBER, G.J
942 _2udc
_cBK
999 _c33953
_d33953